2010's Movie by Screenshot #1 - Statistics

General Stats
  • This quiz has been taken 474 times
  • The average score is 11 of 20
Answer Stats
Picture Answer % Correct
Deadpool
97%
Black Panther
93%
The Last Airbender
89%
Coco
88%
Black Swan
83%
Baby Driver
78%
Gatsby
68%
Detective Pikachu
65%
12 Years A Slave
59%
Birdman
58%
Her
54%
Drive
53%
A Marriage Story
50%
Call Me By Your Name
49%
Dallas Buyers Club
42%
Hereditary
31%
The Girl with the Dragon Tattoo
10%
Searching
9%
Anomalisa
5%
Source Code
4%
No matching quizzes found
Score Distribution
Percent of People with Each Score
Percentile by Number Answered
Your Score History
You have not taken this quiz